LEADER 02243 am 2200589 n 450 001 9910137007503321 005 20160607 010 $a2-7535-4670-3 024 7 $a10.4000/books.pur.34965 035 $a(CKB)3710000000745209 035 $a(FrMaCLE)OB-pur-34965 035 $a(oapen)https://directory.doabooks.org/handle/20.500.12854/53267 035 $a(PPN)267933088 035 $a(EXLCZ)993710000000745209 100 $a20160712j|||||||| ||| 0 101 0 $afre 135 $auu||||||m|||| 181 $ctxt$2rdacontent 182 $cc$2rdamedia 183 $acr$2rdacarrier 200 13$aLa métamorphose dans la littérature française des XIIe et XIIIe siècles /$fCristina Noacco 210 $aRennes $cPresses universitaires de Rennes$d2016 215 $a1 online resource (288 p.) 311 $a2-7535-0551-9 330 $aLa métamorphose est omniprésente au Moyen Âge. Puisant dans un fonds mythologique païen, les auteurs ont construit une poétique de la muance qui intègre une représentation chrétienne. Cristina Noacco propose un panorama des formes de la métamorphose, thème universel pour penser les relations entre l'homme et la nature, entre l'homme et Dieu, pour représenter les fluctuations de l'âme et la destinée, les variations de la nature et la stabilité de l'Être. 606 $aLiterature (General) 606 $alittérature 606 $alittérature française 606 $amerveilleux 606 $adiable 606 $aMoyen Âge 606 $alittérature médiévale 610 $alittérature médiévale 610 $aMoyen Âge 610 $adiable 610 $alittérature française 610 $alittérature 610 $amerveilleux 615 4$aLiterature (General) 615 4$alittérature 615 4$alittérature française 615 4$amerveilleux 615 4$adiable 615 4$aMoyen Âge 615 4$alittérature médiévale 700 $aNoacco$b Cristina$0323778 701 $aFerlampin-Acher$b Christine$0292478 801 0$bFR-FrMaCLE 906 $aBOOK 912 $a9910137007503321 996 $aLa métamorphose dans la littérature française des XIIe et XIIIe siècles$93039648 997 $aUNINA